| 000 | 00367nam a22001577a 4500 | ||
|---|---|---|---|
| 003 | SGT | ||
| 020 | _a9789391208820 | ||
| 082 |
_a615 _bC23V |
||
| 100 | _aVIGNESHWARAN, L.V | ||
| 245 | _aTEXT BOOK OF COSMETIC SCIENCE | ||
| 250 | _a1ST | ||
| 260 |
_aNEW DELHI _bINNOVETIVE PUB. _c2023 |
||
| 650 | _aCOSMETIC SCIENCE | ||
| 653 | _aCOSMETIC, SCIENCE | ||
| 942 |
_2ddc _cBK |
||
| 999 |
_c26982 _d26982 |
||